[Event "NZL-ch Rapid 131st"]
[Site "Palmerston North"]
[Date "2024.01.11"]
[Round "4.4"]
[White "Croad, Nicholas"]
[Black "Gan, Emily Cathay"]
[Result "1-0"]
[WhiteElo "2171"]
[BlackElo "1570"]
[PlyCount "43"]
[EventDate "2024.01.11"]
[EventType "swiss (rapid)"]
[EventRounds "9"]
[EventCountry "NZL"]
[SourceTitle "CB03_2024"]
[SourceDate "2024.01.17"]
[SourceVersion "1"]
[SourceVersionDate "2024.01.17"]
[SourceQuality "1"]

1. d4 Nf6 2. c4 g6 3. Nc3 Bg7 4. e4 d6 5. h3 0-0 6. Nf3 e5 7. d5 a5 8. Bg5 Na6 9. Nd2 Nc5 10. Be2 Rb8 11. a3 Bd7 12. b4 axb4 13. axb4 Na6 14. Qb3 h6 15. Be3 Ne8 16. c5 Ra8 17. c6 Bc8 18. b5 Nc5 19. Rxa8 Nxb3 20. cxb7 Bxb7 21. Rxd8 Nxd2 22. Kxd2 1-0

[Event "North Island-ch Staurt Memorial"]
[Site "Auckland"]
[Date "2023.07.15"]
[Round "5"]
[White "Cummings, Nick"]
[Black "Gan, Emily Cathay"]
[Result "1/2-1/2"]
[WhiteElo "1899"]
[BlackElo "1559"]
[PlyCount "48"]
[EventDate "2023.07.13"]
[EventType "swiss"]
[EventRounds "8"]
[EventCountry "NZL"]
[SourceTitle "EXT 2024"]
[Source "ChessBase"]
[SourceDate "2023.10.10"]
[SourceVersion "1"]
[SourceVersionDate "2023.10.10"]
[SourceQuality "1"]

1. e4 c5 2. Nf3 e6 3. b3 Nf6 4. e5 Nd5 5. c4 Nc7 6. Bb2 Nc6 7. Nc3 d5 8. exd6 Bxd6 9. d4 cxd4 10. Nxd4 Ne5 11. Be2 0-0 12. 0-0 Ng6 13. Ndb5 Be5 14. Qxd8 Rxd8 15. Nxc7 Bxc7 16. Rad1 Bd7 17. Bf3 Rab8 18. g3 Ne5 19. Bg2 Bc6 20. Bxc6 Nxc6 21. Kg2 a6 22. Rfe1 Nb4 23. Rxd8+ Rxd8 24. Re2 Nd3 1/2-1/2

[Event "North Island-ch Staurt Memorial"]
[Site "Auckland"]
[Date "2023.07.14"]
[Round "4"]
[White "Gan, Emily Cathay"]
[Black "Uta`I, Roy"]
[Result "1-0"]
[WhiteElo "1559"]
[BlackElo "1338"]
[PlyCount "75"]
[EventDate "2023.07.13"]
[EventType "swiss"]
[EventRounds "8"]
[EventCountry "NZL"]
[SourceTitle "EXT 2024"]
[Source "ChessBase"]
[SourceDate "2023.10.10"]
[SourceVersion "1"]
[SourceVersionDate "2023.10.10"]
[SourceQuality "1"]

1. c4 e5 2. Nc3 Nf6 3. Nf3 Nc6 4. g3 Bb4 5. Qc2 0-0 6. Bg2 Re8 7. d3 Nd4 8. Qd2 d5 9. cxd5 Nxd5 10. Nxd4 exd4 11. Bxd5 dxc3 12. Bxf7+ Kh8 13. bxc3 Rf8 14. cxb4 Rxf7 15. Qc3 Qd5 16. e4 Qh5 17. f4 Bh3 18. Qd2 Rd8 19. Kf2 Rfd7 20. Qc2 Rxd3 21. Be3 Bg2 22. Kxg2 Rxe3 23. Rhe1 Qf3+ 24. Kg1 Red3 25. Qe2 Qxe2 26. Rxe2 R8d4 27. Rb1 Rd2 28. Rxd2 Rxd2 29. Rc1 Rd7 30. Kf2 Kg8 31. Ke3 Kf7 32. g4 b6 33. a4 Ke6 34. Rc6+ Ke7 35. e5 Kd8 36. Rc4 Ke7 37. f5 g6 38. e6 1-0

[Event "North Island-ch Staurt Memorial"]
[Site "Auckland"]
[Date "2023.07.14"]
[Round "3"]
[White "McLaren, Leonard"]
[Black "Gan, Emily Cathay"]
[Result "1-0"]
[WhiteElo "2056"]
[BlackElo "1559"]
[PlyCount "73"]
[EventDate "2023.07.13"]
[EventType "swiss"]
[EventRounds "8"]
[EventCountry "NZL"]
[SourceTitle "EXT 2024"]
[Source "ChessBase"]
[SourceDate "2023.10.10"]
[SourceVersion "1"]
[SourceVersionDate "2023.10.10"]
[SourceQuality "1"]

1. e4 c5 2. Nf3 e6 3. c3 Nc6 4. d4 cxd4 5. cxd4 d5 6. e5 Bb4+ 7. Nc3 Nge7 8. Bd3 Bd7 9. 0-0 Na5 10. Ne2 Nac6 11. a3 Ba5 12. Nf4 g6 13. Be3 Bc8 14. Rc1 Nf5 15. b4 Bb6 16. Bb1 Nce7 17. g4 Ng7 18. Nd3 h5 19. h3 Bd7 20. Bg5 hxg4 21. hxg4 a5 22. Bf6 Rg8 23. Qd2 g5 24. Qxg5 Ngf5 25. Qxg8+ Nxg8 26. Bxd8 Nxd4 27. Bxb6 Nxf3+ 28. Kg2 Nd2 29. Rh1 Bc6 30. Rh8 Kf8 31. bxa5 Kg7 32. Rh6 Nxh6 33. Nf4 d4+ 34. Rxc6 bxc6 35. Bd3 Ng8 36. Nh5+ Kf8 37. Nf6 1-0

[Event "Auckland Trusts op 45th"]
[Site "Auckland"]
[Date "2023.06.05"]
[Round "5"]
[White "Gan, Emily Cathay"]
[Black "Wang, Justin Zhide"]
[Result "1/2-1/2"]
[WhiteElo "1535"]
[BlackElo "1666"]
[PlyCount "75"]
[EventDate "2023.06.03"]
[EventType "swiss"]
[EventRounds "6"]
[EventCountry "NZL"]
[SourceTitle "EXT 2024"]
[Source "ChessBase"]
[SourceDate "2023.10.10"]
[SourceVersion "1"]
[SourceVersionDate "2023.10.10"]
[SourceQuality "1"]

1. c4 Nf6 2. Nc3 e6 3. Nf3 d5 4. d4 Be7 5. Bf4 c6 6. cxd5 exd5 7. h3 Nbd7 8. e3 Nf8 9. Be2 Ng6 10. Bh2 Qb6 11. Qc1 Bf5 12. 0-0 0-0 13. Rd1 Ne4 14. Bd3 Rfe8 15. g4 Nxc3 16. bxc3 Bxd3 17. Rxd3 Qa6 18. Qc2 Bh4 19. Nxh4 Nxh4 20. Bg3 Nf3+ 21. Kg2 Ng5 22. f3 f6 23. Re1 Re6 24. h4 Nf7 25. e4 Rae8 26. Rde3 Qc4 27. Kf2 c5 28. Qb3 cxd4 29. cxd4 Qxd4 30. Rd1 Qc4 31. Rxd5 Qxb3 32. Rxb3 R6e7 33. Bf4 Ne5 34. Rc3 b6 35. Bxe5 fxe5 36. Rc6 Rf7 37. Ke2 Rfe7 38. Kd3 1/2-1/2

[Event "Auckland Trusts op 45th"]
[Site "Auckland"]
[Date "2023.06.03"]
[Round "2"]
[White "Gan, Emily Cathay"]
[Black "Li, Allen"]
[Result "0-1"]
[WhiteElo "1535"]
[BlackElo "1756"]
[PlyCount "180"]
[EventDate "2023.06.03"]
[EventType "swiss"]
[EventRounds "6"]
[EventCountry "NZL"]
[SourceTitle "EXT 2024"]
[Source "ChessBase"]
[SourceDate "2023.10.10"]
[SourceVersion "1"]
[SourceVersionDate "2023.10.10"]
[SourceQuality "1"]

1. c4 e5 2. Nc3 Nf6 3. Nf3 Nc6 4. g3 d6 5. Bg2 Be7 6. 0-0 0-0 7. d4 exd4 8. Nxd4 Nxd4 9. Qxd4 c6 10. Rd1 Qb6 11. Qxb6 axb6 12. Be3 Be6 13. b3 Nd7 14. Rd2 Nc5 15. Rad1 Rfd8 16. Ne4 Nxe4 17. Bxe4 Ra6 18. Bf4 g5 19. Bxd6 Rxd6 20. Rxd6 Bxd6 21. Rxd6 Rxa2 22. Kg2 Rxe2 23. Bf3 Re1 24. Rd1 Rxd1 25. Bxd1 Kf8 26. Kf3 Ke7 27. Ke4 Kd6 28. Kd4 c5+ 29. Ke3 Bd7 30. Be2 Kc7 31. Ke4 Kd6 32. Ke3 h6 33. f4 g4 34. Kd2 f5 35. Bf1 Kc7 36. Bd3 Be6 37. Kc3 Kc6 38. Kb2 Kd6 39. Kc3 Ke7 40. Bf1 Kf6 41. Bg2 Bc8 42. Kd3 Ke7 43. Kc3 Kd6 44. Bf1 Bd7 45. Bd3 Ke6 46. Bf1 Bc6 47. Bd3 Kf6 48. Kb2 Bd7 49. Kc3 Kf7 50. Kd2 Ke8 51. Kc2 Kd8 52. Kd2 Kc7 53. Kc2 Kb8 54. Kb2 Ka7 55. Kc2 Ka6 56. Kb2 Ka5 57. Kc3 Be6 58. Be2 Bc8 59. Bd3 Bd7 60. Kb2 Kb4 61. Kc2 Bc8 62. Kb2 Be6 63. Bf1 b5 64. Bg2 b6 65. Bd5 Bd7 66. cxb5 Bxb5 67. Kc2 Bd7 68. Kd3 Bb5+ 69. Kd2 Bd7 70. Kc2 b5 71. Kd2 c4 72. bxc4 bxc4 73. Kc2 Kc5 74. Bg2 Bc6 75. Bf1 Kd4 76. Kd2 Be4 77. Bxc4 Kxc4 78. Ke3 Kc3 79. Ke2 Kd4 80. Ke1 Ke3 81. Kf1 Kd2 82. Kf2 Bf3 83. Kg1 h5 84. Kf2 Kd3 85. h4 Be2 86. Ke1 Bf3 87. Kf1 Ke3 88. Kg1 Bd1 89. Kh1 Kf3 90. Kh2 Kf2 0-1

[Event "NZL-ch rapid op 130th"]
[Site "Wellington"]
[Date "2023.01.05"]
[Round "8"]
[White "Gan, Emily Cathay"]
[Black "Cummings, Nick"]
[Result "0-1"]
[WhiteElo "1446"]
[BlackElo "1995"]
[PlyCount "66"]
[EventDate "2023.01.04"]
[EventType "swiss (rapid)"]
[EventRounds "9"]
[EventCountry "NZL"]
[SourceTitle "CBM 212 Extra"]
[Source "ChessBase"]
[SourceDate "2023.03.31"]
[SourceVersion "1"]
[SourceVersionDate "2023.03.31"]
[SourceQuality "1"]

1. c4 e6 2. Nc3 Nf6 3. Nf3 d5 4. d4 dxc4 5. e3 a6 6. Bxc4 b5 7. Bd3 Bb7 8. 0-0 Nbd7 9. Re1 c5 10. Bc2 cxd4 11. Nxd4 Be7 12. a3 Rc8 13. e4 Qc7 14. Be3 Ne5 15. Bf4 Nfd7 16. Bg3 Qb6 17. Kh1 Nc4 18. Rb1 Nxb2 19. Rxb2 Rxc3 20. a4 b4 21. Nb3 e5 22. Qg4 Bf6 23. Rd1 Qc7 24. Nd4 h5 25. Qh3 g6 26. Ne6 Qc6 27. Nf4 exf4 28. f3 fxg3 29. Qxg3 Rxc2 30. Rbb1 0-0 31. h4 Ne5 32. f4 Ng4 33. Kg1 Qc5+ 0-1

[Event "NZL-ch rapid op 130th"]
[Site "Wellington"]
[Date "2023.01.04"]
[Round "2"]
[White "Gan, Emily Cathay"]
[Black "Carpinter, Anthony Lawrence"]
[Result "0-1"]
[WhiteElo "1446"]
[BlackElo "2144"]
[PlyCount "36"]
[EventDate "2023.01.04"]
[EventType "swiss (rapid)"]
[EventRounds "9"]
[EventCountry "NZL"]
[SourceTitle "CBM 212 Extra"]
[Source "ChessBase"]
[SourceDate "2023.03.31"]
[SourceVersion "1"]
[SourceVersionDate "2023.03.31"]
[SourceQuality "1"]

1. c4 e6 2. Nc3 d5 3. d4 Nf6 4. Nf3 Be7 5. Bf4 0-0 6. h3 b6 7. cxd5 Nxd5 8. Nxd5 Qxd5 9. a3 Ba6 10. Bxc7 Nc6 11. g3 Rac8 12. Bf4 Rfd8 13. Be3 e5 14. dxe5 Qb5 15. Qb1 Na5 16. Bd4 Nb3 17. e3 Qa5+ 18. Bc3 Rxc3 0-1

[Event "Wch U12 Girls"]
[Site "Batumi"]
[Date "2022.09.26"]
[Round "10"]
[White "Kholyavko, Mariya"]
[Black "Gan, Emily Cathay"]
[Result "1-0"]
[WhiteElo "1421"]
[BlackElo "1550"]
[PlyCount "67"]
[EventDate "2022.09.16"]
[EventType "swiss"]
[EventRounds "11"]
[EventCountry "GEO"]
[SourceTitle "EXT 2023"]
[Source "ChessBase"]
[SourceDate "2022.10.05"]
[SourceVersion "1"]
[SourceVersionDate "2022.10.05"]
[SourceQuality "1"]

1. d4 Nf6 2. g3 g6 3. Bg2 Bg7 4. e4 d6 5. Nc3 0-0 6. Nge2 Nc6 7. h3 e5 8. Be3 exd4 9. Nxd4 Nxd4 10. Bxd4 Re8 11. 0-0 c6 12. a4 Be6 13. Qd2 Qd7 14. Kh2 Red8 15. Rad1 Ne8 16. Bxg7 Nxg7 17. f4 f5 18. exf5 Bxf5 19. g4 Be6 20. Ne4 Qe7 21. Rfe1 d5 22. Ng5 Qd6 23. Kh1 Rf8 24. c4 Rad8 25. Qe3 d4 26. Nxe6 Rfe8 27. Rxd4 Qxd4 28. Nxd4 Rxe3 29. Rxe3 Rxd4 30. Re7 Rxc4 31. Rxb7 Rxa4 32. Bxc6 Ra6 33. Bd5+ Kf8 34. Rf7+ 1-0

[Event "Wch U12 Girls"]
[Site "Batumi"]
[Date "2022.09.25"]
[Round "9"]
[White "Gan, Emily Cathay"]
[Black "Celik, Fatma Nisa"]
[Result "1-0"]
[WhiteElo "1550"]
[BlackElo "1291"]
[PlyCount "133"]
[EventDate "2022.09.16"]
[EventType "swiss"]
[EventRounds "11"]
[EventCountry "GEO"]
[SourceTitle "EXT 2023"]
[Source "ChessBase"]
[SourceDate "2022.10.05"]
[SourceVersion "1"]
[SourceVersionDate "2022.10.05"]
[SourceQuality "1"]

1. c4 e5 2. Nc3 Nf6 3. d3 d5 4. cxd5 Nxd5 5. Nf3 Nc6 6. g3 Be7 7. Bg2 Nb6 8. 0-0 0-0 9. Nd2 Be6 10. Nb3 f5 11. f4 Bf6 12. Kh1 Qe7 13. Be3 Nd7 14. Nd5 Qd6 15. Nxf6+ Rxf6 16. fxe5 Ndxe5 17. Bc5 Qd7 18. d4 Bxb3 19. Qxb3+ Nf7 20. Qxb7 Re8 21. d5 Ncd8 22. Qxa7 h6 23. Bd4 Rg6 24. Rac1 Qb5 25. Qc5 Qa6 26. e3 Qxa2 27. Rxf5 Nd6 28. Rf4 N8f7 29. e4 Qb3 30. Qc3 Qa4 31. b3 Qa2 32. Ra1 Qe2 33. Re1 Qa2 34. Qd3 Ne5 35. Bxe5 Rxe5 36. h3 Reg5 37. Rf3 Re5 38. Rfe3 Qa7 39. Kh2 Qc5 40. R1e2 Qb6 41. Rc2 Nb5 42. Rc4 Na3 43. Ra4 Nb5 44. Rb4 c6 45. Bf1 Qa5 46. Qd2 Na3 47. Rb8+ Kh7 48. Qxa5 Nc2 49. Rc3 Nd4 50. Bg2 cxd5 51. exd5 Nc6 52. Rxc6 Rxc6 53. dxc6 Rxa5 54. c7 Rc5 55. c8Q Rxc8 56. Rxc8 g5 57. b4 g4 58. b5 h5 59. b6 h4 60. b7 hxg3+ 61. Kxg3 gxh3 62. Bxh3 Kg7 63. b8Q Kg6 64. Rc5 Kf7 65. Rc6 Ke7 66. Qb7+ Kd8 67. Qd7# 1-0

[Event "Wch U12 Girls"]
[Site "Batumi"]
[Date "2022.09.17"]
[Round "2"]
[White "Mateeva, Yana"]
[Black "Gan, Emily Cathay"]
[Result "0-1"]
[WhiteElo "1306"]
[BlackElo "1550"]
[PlyCount "64"]
[EventDate "2022.09.16"]
[EventType "swiss"]
[EventRounds "11"]
[EventCountry "GEO"]
[SourceTitle "EXT 2023"]
[Source "ChessBase"]
[SourceDate "2022.10.05"]
[SourceVersion "1"]
[SourceVersionDate "2022.10.05"]
[SourceQuality "1"]

1. b3 Nf6 2. Bb2 e6 3. Nf3 g6 4. e3 Bg7 5. Be2 0-0 6. 0-0 d5 7. d3 Nbd7 8. Nbd2 Re8 9. c4 e5 10. cxd5 Nxd5 11. Nc4 b5 12. Ncd2 Bb7 13. d4 e4 14. Ne1 a6 15. Rc1 f5 16. Nb1 f4 17. exf4 Nxf4 18. Qd2 Qg5 19. Rxc7 Nh3+ 20. Kh1 Nxf2+ 21. Kg1 e3 22. Qc3 Rac8 23. Bf3 Rxc7 24. Qxc7 Bxf3 25. Nxf3 Qd8 26. Qc3 Nb6 27. Bc1 Nd5 28. Qb2 Nd3 29. Qc2 N5b4 30. Qe2 Nf4 31. Qe1 Nbd3 32. Qg3 Ne2+ 0-1

[Event "North Island-ch"]
[Site "Auckland"]
[Date "2022.07.16"]
[Round "7"]
[White "Gan, Emily Cathay"]
[Black "Hwang, Ryan"]
[Result "1-0"]
[WhiteElo "1514"]
[BlackElo "1340"]
[PlyCount "81"]
[EventDate "2022.07.14"]
[EventType "swiss"]
[EventRounds "9"]
[EventCountry "NZL"]
[SourceTitle "EXT 2024"]
[Source "ChessBase"]
[SourceDate "2023.10.10"]
[SourceVersion "1"]
[SourceVersionDate "2023.10.10"]
[SourceQuality "1"]

1. c4 Nf6 2. Nc3 e5 3. Nf3 Nc6 4. g3 Bc5 5. d3 h6 6. Bg2 d6 7. 0-0 0-0 8. Na4 Bb6 9. h3 Bf5 10. e4 Bd7 11. Nxb6 axb6 12. Re1 Re8 13. Bd2 b5 14. cxb5 Ne7 15. a4 Ng6 16. Kh2 b6 17. d4 c6 18. bxc6 Bxc6 19. d5 Bb7 20. b4 Qd7 21. Bf1 Ba6 22. b5 Bb7 23. a5 bxa5 24. Bxa5 Reb8 25. Bd3 Bc8 26. Ng1 Nf8 27. Qd2 Qb7 28. Rec1 Ne8 29. b6 Qd7 30. Qe2 Qb7 31. Bb5 Bd7 32. Bc6 Qa6 33. Bxa8 Qxa8 34. Bd2 Qb7 35. Be3 Ra8 36. Ra7 Rxa7 37. bxa7 Nc7 38. Rxc7 Qa8 39. Qb2 Bc8 40. Qb8 Bb7 41. Rxb7 1-0

[Event "North Island-ch"]
[Site "Auckland"]
[Date "2022.07.16"]
[Round "5"]
[White "Gan, Emily Cathay"]
[Black "Tanoi, Toleafoa E"]
[Result "0-1"]
[WhiteElo "1514"]
[BlackElo "1813"]
[PlyCount "122"]
[EventDate "2022.07.14"]
[EventType "swiss"]
[EventRounds "9"]
[EventCountry "NZL"]
[SourceTitle "EXT 2024"]
[Source "ChessBase"]
[SourceDate "2023.10.10"]
[SourceVersion "1"]
[SourceVersionDate "2023.10.10"]
[SourceQuality "1"]

1. c4 Nf6 2. Nc3 d6 3. Nf3 g6 4. g3 Bg7 5. Bg2 0-0 6. 0-0 c5 7. e3 Nc6 8. d4 cxd4 9. exd4 Bf5 10. Nh4 Bg4 11. f3 Bd7 12. Be3 Qc8 13. Qd2 Bh3 14. Rfe1 Bxg2 15. Nxg2 e5 16. Rac1 exd4 17. Bxd4 Nxd4 18. Qxd4 Ne8 19. Qd3 Qc6 20. Rc2 Nc7 21. Nf4 Rfe8 22. Rd1 Rad8 23. Ncd5 Ne6 24. b3 Nd4 25. Rcd2 Ne6 26. Qf1 h5 27. h4 Nxf4 28. Nxf4 Be5 29. Nd5 Bxg3 30. Nf6+ Kg7 31. Nxe8+ Rxe8 32. Kg2 Bxh4 33. Qd3 Re6 34. Qd4+ Bf6 35. Qd3 Be5 36. Re2 Rf6 37. Re4 Rf5 38. Kh3 Qd7 39. Kg2 Rg5+ 40. Kf2 Qh3 41. Ke3 Rg3 42. Rf1 Qf5 43. Ke2 Qh3 44. c5 Rg2+ 45. Rf2 Rxf2+ 46. Kxf2 Qh2+ 47. Ke1 Qg1+ 48. Kd2 Qxc5 49. b4 Qg1 50. f4 Qh2+ 51. Kd1 Bxf4 52. Qd4+ Be5 53. Qxa7 Qh1+ 54. Re1 Qd5+ 55. Ke2 Qc4+ 56. Ke3 Qxb4 57. Rd1 Qc3+ 58. Rd3 Qe1+ 59. Kf3 Qh1+ 60. Ke2 Qg2+ 61. Kd1 h4 0-1

[Event "NZL-ch (Women)"]
[Site "Auckland"]
[Date "2022.04.19"]
[Round "6"]
[White "Yue, Annie"]
[Black "Gan, Emily Cathay"]
[Result "0-1"]
[WhiteElo "1300"]
[BlackElo "1594"]
[PlyCount "60"]
[EventDate "2022.04.17"]
[EventType "swiss"]
[EventRounds "7"]
[EventCountry "NZL"]
[SourceTitle "EXT 2024"]
[Source "ChessBase"]
[SourceDate "2023.10.10"]
[SourceVersion "1"]
[SourceVersionDate "2023.10.10"]
[SourceQuality "1"]

1. e4 g6 2. d4 Bg7 3. Nf3 c5 4. c3 cxd4 5. Nxd4 Nc6 6. Bc4 Nf6 7. f3 d6 8. Bg5 a6 9. Qd2 Qc7 10. Bb3 Nxd4 11. cxd4 e5 12. dxe5 dxe5 13. Nc3 0-0 14. Bxf6 Bxf6 15. Nd5 Qd8 16. Nxf6+ Qxf6 17. 0-0 Rd8 18. Qc3 Be6 19. Rad1 Bxb3 20. Qxb3 b5 21. a3 Qb6+ 22. Kh1 Rac8 23. Rd5 Rxd5 24. Qxd5 Rc5 25. Qd2 Kg7 26. g4 Qc6 27. b4 Rc2 28. Qe3 Qc3 29. Re1 Qb2 30. Kg1 Rxh2 0-1

[Event "NZL-ch Rapid 129th"]
[Site "Christchurch"]
[Date "2022.01.12"]
[Round "6"]
[White "Van der Hoorn, Thomas"]
[Black "Gan, Emily Cathay"]
[Result "1-0"]
[WhiteElo "1685"]
[BlackElo "1459"]
[PlyCount "55"]
[EventDate "2022.01.11"]
[EventType "swiss (rapid)"]
[EventRounds "9"]
[EventCountry "NZL"]
[SourceTitle "CBM 206 Extra"]
[Source "ChessBase"]
[SourceDate "2022.03.31"]
[SourceVersion "1"]
[SourceVersionDate "2022.03.31"]
[SourceQuality "1"]

1. e4 g6 2. d4 Bg7 3. Nc3 c6 4. Be3 d5 5. Nf3 dxe4 6. Nxe4 Nf6 7. Nxf6+ exf6 8. Qd2 Be6 9. Bd3 Nd7 10. 0-0-0 Bxa2 11. b3 0-0 12. Kb2 Bxb3 13. cxb3 b5 14. h4 a5 15. h5 Nb6 16. hxg6 fxg6 17. Bh6 Rf7 18. Bxg7 Rxg7 19. Rc1 Qd6 20. Qc2 Rc8 21. Qc5 Qxc5 22. Rxc5 a4 23. Rhc1 axb3 24. Rxc6 Rb8 25. Bxb5 Re7 26. Rxf6 Kg7 27. Rfc6 Nd5 28. Bc4 1-0

[Event "NZL-ch Rapid 129th"]
[Site "Christchurch"]
[Date "2022.01.11"]
[Round "1"]
[White "Gan, Emily Cathay"]
[Black "Unelius, Rikard"]
[Result "1-0"]
[WhiteElo "1459"]
[BlackElo "1893"]
[PlyCount "51"]
[EventDate "2022.01.11"]
[EventType "swiss (rapid)"]
[EventRounds "9"]
[EventCountry "NZL"]
[SourceTitle "CBM 206 Extra"]
[Source "ChessBase"]
[SourceDate "2022.03.31"]
[SourceVersion "1"]
[SourceVersionDate "2022.03.31"]
[SourceQuality "1"]

1. c4 Nf6 2. Nc3 e6 3. Nf3 Bb4 4. g3 b6 5. Bg2 Bb7 6. 0-0 0-0 7. d4 Bxc3 8. bxc3 d6 9. Bg5 Nbd7 10. h3 h6 11. Bxf6 Nxf6 12. Nd2 Bxg2 13. Kxg2 d5 14. Kh2 Qd7 15. Qc2 Rac8 16. cxd5 exd5 17. Qd3 Rfe8 18. e3 c5 19. Rac1 Nh7 20. Nf3 c4 21. Qc2 Rc6 22. Ne5 Rxe5 23. dxe5 Ng5 24. g4 Nf3+ 25. Kg3 Nxe5 26. f4 1-0

[Event "NZL-ch Major op"]
[Site "Christchurch"]
[Date "2022.01.08"]
[Round "7"]
[White "Mukkattu, Philip"]
[Black "Gan, Emily Cathay"]
[Result "1-0"]
[WhiteElo "1580"]
[BlackElo "1459"]
[PlyCount "91"]
[EventDate "2022.01.02"]
[EventType "swiss"]
[EventRounds "9"]
[EventCountry "NZL"]
[SourceTitle "EXT 2024"]
[Source "ChessBase"]
[SourceDate "2023.10.10"]
[SourceVersion "1"]
[SourceVersionDate "2023.10.10"]
[SourceQuality "1"]

1. d4 Nf6 2. c4 g6 3. Nc3 Bg7 4. Nf3 0-0 5. e4 d6 6. h3 e5 7. d5 c6 8. Bg5 h6 9. Be3 cxd5 10. cxd5 a5 11. Bd3 Na6 12. Rc1 Bd7 13. Qd2 Kh7 14. 0-0 Qe7 15. a3 Nc5 16. Bxc5 dxc5 17. Rfe1 Rfc8 18. Nb5 Ne8 19. Qe2 Bxb5 20. Bxb5 Nd6 21. Bd3 Rab8 22. a4 Qd7 23. b3 b6 24. Nd2 Rf8 25. f4 exf4 26. e5 Nf5 27. Bxf5 Qxf5 28. Nc4 Qd7 29. Rcd1 Rfe8 30. Qe4 Re7 31. Qxf4 Rbe8 32. Nxb6 Qb7 33. Nc4 Qxb3 34. Nxa5 Qb6 35. Nc6 Rd7 36. a5 Qc7 37. a6 Rxd5 38. Rxd5 Qxc6 39. Qc4 Ra8 40. Ra1 Bf8 41. Rdd1 Kg7 42. Rdb1 Ra7 43. Qb5 Qd5 44. Qb6 Rd7 45. a7 c4 46. a8Q 1-0

[Event "NZL-ch U18 op"]
[Site "Christchurch"]
[Date "2022.01.07"]
[Round "5"]
[White "Gan, Emily Cathay"]
[Black "Yu, Weiyang"]
[Result "1/2-1/2"]
[WhiteElo "1459"]
[BlackElo "1214"]
[PlyCount "69"]
[EventDate "2022.01.03"]
[EventType "swiss"]
[EventRounds "7"]
[EventCountry "NZL"]
[SourceTitle "EXT 2024"]
[Source "ChessBase"]
[SourceDate "2023.10.10"]
[SourceVersion "1"]
[SourceVersionDate "2023.10.10"]
[SourceQuality "1"]

1. c4 Nf6 2. Nc3 e6 3. Nf3 d5 4. d4 Nbd7 5. cxd5 exd5 6. g3 c6 7. Bg2 Bd6 8. 0-0 0-0 9. Qc2 Re8 10. h3 h6 11. e3 Nb6 12. Re1 Be6 13. Nd2 Qd7 14. Kh2 Bf5 15. Qd1 h5 16. e4 dxe4 17. Ndxe4 Nxe4 18. Nxe4 h4 19. Bg5 hxg3+ 20. fxg3 Nd5 21. a3 Be7 22. Qd2 Bxe4 23. Bxe4 Bxg5 24. Qxg5 Nf6 25. Qf4 Nxe4 26. Rxe4 Rxe4 27. Qxe4 Re8 28. Qd3 Qe6 29. Rg1 Qd5 30. b4 a5 31. Rd1 axb4 32. axb4 Ra8 33. Rd2 Ra4 34. Re2 Ra2 35. Rd2 1/2-1/2

[Event "Asian Online (Women)"]
[Site "Tornelo INT"]
[Date "2021.08.25"]
[Round "8"]
[White "Al Ghafri, Wafia"]
[Black "Gan, Emily Cathay"]
[Result "0-1"]
[WhiteElo "1555"]
[BlackElo "1438"]
[PlyCount "61"]
[EventDate "2021.08.23"]
[EventType "swiss (rapid)"]
[EventRounds "9"]
[EventCountry "NET"]
[SourceTitle "CBM 204 Extra"]
[Source "ChessBase"]
[SourceDate "2021.11.30"]
[SourceVersion "1"]
[SourceVersionDate "2021.11.30"]
[SourceQuality "1"]

1. d4 Nf6 2. c4 g6 3. Nc3 Bg7 4. Nf3 0-0 5. e4 d6 6. Be3 Nbd7 7. h3 b6 8. Be2 Bb7 9. d5 c6 10. Rc1 Rc8 11. 0-0 cxd5 12. cxd5 Nc5 13. Nd2 e6 14. b4 Na6 15. Bxa6 Bxa6 16. Re1 Qd7 17. Qb3 Rc7 18. Bf4 Rfc8 19. Qa3 Nh5 20. Qxa6 Nxf4 21. dxe6 fxe6 22. Ne2 Nxe2+ 23. Rxe2 Rxc1+ 24. Kh2 Be5+ 25. g3 R1c2 26. f4 Bc3 27. Qd3 Bxd2 28. Rxd2 Rxd2+ 29. Qxd2 Qa4 30. h4 Rc2 31. Qxc2 0-1

[Event "Asian Online (Women)"]
[Site "Tornelo INT"]
[Date "2021.08.25"]
[Round "7"]
[White "Gan, Emily Cathay"]
[Black "Zhang, Xiao"]
[Result "0-1"]
[WhiteElo "1438"]
[BlackElo "2091"]
[PlyCount "78"]
[EventDate "2021.08.23"]
[EventType "swiss (rapid)"]
[EventRounds "9"]
[EventCountry "NET"]
[SourceTitle "CBM 204 Extra"]
[Source "ChessBase"]
[SourceDate "2021.11.30"]
[SourceVersion "1"]
[SourceVersionDate "2021.11.30"]
[SourceQuality "1"]

1. c4 Nf6 2. Nf3 e6 3. d4 d5 4. g3 dxc4 5. Qa4+ Nbd7 6. Qxc4 a6 7. Qc2 b5 8. Bg2 Bb7 9. a3 Be7 10. b4 0-0 11. Nc3 Nb6 12. 0-0 a5 13. Bf4 axb4 14. axb4 Nbd5 15. Nxb5 Nxf4 16. gxf4 Nd5 17. Rxa8 Bxa8 18. e3 Qd7 19. Qc4 Rb8 20. Nc3 Rxb4 21. Qa2 Qc8 22. Rc1 Nxc3 23. Rxc3 Bd5 24. Qc2 Bd8 25. e4 Bb7 26. Kf1 Qa8 27. e5 Qa1+ 28. Ke2 Rb2 29. Kd3 Rxc2 30. Rxc2 Qa3+ 31. Rc3 Be4+ 32. Kxe4 Qxc3 33. Ng1 f5+ 34. exf6 gxf6 35. Ne2 f5+ 36. Ke5 Qc4 37. Ng3 Kf7 38. Nh5 Qe2+ 39. Be4 Qxe4# 0-1

[Event "Asian Online (Women)"]
[Site "Tornelo INT"]
[Date "2021.08.23"]
[Round "1"]
[White "Gan, Emily Cathay"]
[Black "Mahalakshmi, Muganda Kumar"]
[Result "0-1"]
[WhiteElo "1438"]
[BlackElo "2253"]
[PlyCount "114"]
[EventDate "2021.08.23"]
[EventType "swiss (rapid)"]
[EventRounds "9"]
[EventCountry "NET"]
[SourceTitle "CBM 204 Extra"]
[Source "ChessBase"]
[SourceDate "2021.11.30"]
[SourceVersion "1"]
[SourceVersionDate "2021.11.30"]
[SourceQuality "1"]

1. c4 e5 2. Nc3 Bb4 3. g3 Bxc3 4. bxc3 d6 5. Bg2 Nf6 6. d4 Nbd7 7. e4 0-0 8. Ne2 Re8 9. Qd3 b6 10. 0-0 Bb7 11. f3 Nb8 12. Re1 Nc6 13. Ba3 Ba6 14. Bb4 exd4 15. Nxd4 Ne5 16. Qc2 c5 17. f4 cxd4 18. cxd4 Nc6 19. Bxd6 Qxd6 20. e5 Qxd4+ 21. Kh1 Bb7 22. Rad1 Qc5 23. exf6 gxf6 24. Be4 Nb4 25. Qg2 Bxe4 26. Rxe4 Rxe4 27. Qxe4 Qc6 28. Qxc6 Nxc6 29. Rd6 Na5 30. Rxf6 Nxc4 31. Rc6 b5 32. a4 a6 33. Rc5 Rb8 34. Rc6 Rb6 35. Rc8+ Kg7 36. axb5 axb5 37. Rd8 b4 38. Rd1 b3 39. Rb1 b2 40. Kg2 Na3 41. Rxb2 Rxb2+ 42. Kh3 f5 43. g4 fxg4+ 44. Kxg4 Rxh2 45. Kf5 h5 46. Ke6 h4 47. f5 h3 48. f6+ Kf8 49. f7 Rf2 50. Ke5 h2 51. Ke4 h1Q+ 52. Ke3 Qf3+ 53. Kd4 Rd2+ 54. Ke5 Qe3+ 55. Kf6 Rf2+ 56. Kg6 Qg3+ 57. Kh5 Rh2# 0-1